Formule 1 - Associer les pilotes à leur écurie 2023 - Statistiques

Statistiques générales
  • Ce quiz a été pris 578 fois
    576 depuis la dernière actualisation
  • Le résultat moyen est 20 sur 22
Statistiques - réponses
Hint Réponse % Correct
Max Verstappen Redbull
96%
Esteban Ocon Alpine
95%
Charles Leclerc Ferrarri
95%
Carlos Sainz Ferrarri
95%
Lando Norris McLaren
94%
Oscar Piastri McLaren
94%
Lewis Hamilton Mercedes
94%
George Russell Mercedes
94%
Sergio Perez Redbull
94%
Yuki Tsunoda Alpha Tauri
92%
Kevin Magnussen Haas
92%
Logan Sargeant Williams
91%
Lance Stroll Aston Martin
90%
Alex Albon Williams
90%
Zhou Guanyu Alfa Romeo/Sauber
89%
Fernando Alonso Aston Martin
89%
Pierre Gasly Alpine
88%
Nico Hülkenberg Haas
87%
Valtteri Bottas Alfa Romeo/Sauber
85%
Daniel Ricciardo Alpha Tauri
78%
Liam Lawson Alpha Tauri
72%
Nick de Vries Alpha Tauri
67%
Aucun quiz correspondant
Distribution des résultats
% des personnes avec chaque résultat
Percentile par nombre de réponses
Votre historique - résultats
Vous n’avez pas pris ce quiz depuis la dernière actualisation